000 01245nam a2200289 i 4500
001 15698
003 ES-MaACL
005 20250828092115.0
007 t|
008 000504s1998 sp ||||0| spa j
020 _a84-95110-05-9
040 _aM-BN
_bspa
_cM-BN
080 _a594(460.38)
100 1 _aGonzález García, Juan Antonio.
_958653
245 1 0 _aMalacología de la Mar Chica de Melilla: una revisión actualizada /
_cpor Juan A. González García, Isidoro Bueno del Campo y Santiago Bueno Horcajadas.
260 _a[Melilla] :
_bServicio de Publicaciones de la UNED de Melilla,
_c1998.
300 _a65 p :
_bil ;
_c24 cm.
490 1 _aPublicaciones de la Universidad Nacional de Educación a Distancia, Centro Asociado de Melilla ;
_v16
504 _aBibliografía: p. 63.
650 4 _aMoluscos-
_zMelilla.
_915138
700 1 _aBueno del Campo, Isidoro.
_932391
700 1 _aBueno Horcajadas, Santiago.
_932398
710 2 _aUniversidad Nacional de Educación a Distancia (España).
_bCentro Asociado de Melilla
_97407
830 0 _aPublicaciones de la Universidad Nacional de Educación a Distancia, Centro Asociado de Melilla ;
_v16
_9179811
852 _aES-MaACL
_jL-23112
_bR.127447
999 _c15698
_d15698